000 00856nam a2200277 a 4500
001 000014999
005 20200929163933.0
008 100128s1997 sp 000 f spa d
020 _a8401477611
040 _aDO-SdBNP
_bspa
_cBNPHU
041 1 7 _aspa
_heng
_2Código de idioma MARC
082 _a828.9911
_bT772c
100 1 _aTranter, Nigel,
_d1909-2000
_933956
240 1 4 _aThe courtesan.
_lEspañol
245 1 3 _aLa cortesana /
_cNigel Tranter ; traducción de Albert Solé.
260 _aBarcelona :
_bPlaza & Janés,
_c1997.
300 _a613, [2] p. ;
_c18 cm.
490 1 _aJet
_v325/2
534 _pTítulo original en inglés:
_tThe courtesan
_c1963
650 4 _aNovela escocesa
_933957
650 4 _aLiteratura escocesa
_933958
700 1 _aSolé, Albert,
_etr.
_913331
830 0 _aJet ;
_v325/2
_911886
910 _aWM
049 _aBNGR
999 _c14572
_d14572